书目信息 |
| 题名: |
建筑材料质量检测
|
|
| 作者: | 李维 , 李巧玲 主编 | |
| 分册: | ||
| 出版信息: | 北京 中国计量出版社 2006.01 |
|
| 页数: | 365页 | |
| 开本: | 26cm | |
| 丛书名: | ||
| 单 册: | ||
| 中图分类: | TU502 | |
| 科图分类: | ||
| 主题词: | 建筑材料--jian zhu cai liao--质量检验--高等学校--教材 | |
| 电子资源: | ||
| ISBN: | 7-5026-2140-7 | |
| 000 | 00787nam0 2200229 450 | |
| 001 | 012006145705 | |
| 005 | 20120407145955.29 | |
| 010 | @a7-5026-2140-7@dCNY42.00 | |
| 100 | @a20060327d2006 km y0chiy0120 ea | |
| 101 | 0 | @achi |
| 102 | @aCN@b110000 | |
| 105 | @ay z 000yy | |
| 200 | 1 | @a建筑材料质量检测@Ajian zhu cai liao zhi liang jian ce@f李维, 李巧玲主编@Fli wei,li qiao ling zhu bian |
| 210 | @a北京@c中国计量出版社@d2006.01 | |
| 215 | @a365页@d26cm | |
| 330 | @a高等学校教材:本书介绍建筑材料基本性质,水泥、建筑集料等常用建筑材料的检验、许定方法。 | |
| 606 | 0 | @a建筑材料@Ajian zhu cai liao@x质量检验@x高等学校@j教材 |
| 690 | @aTU502@v4 | |
| 701 | 0 | @a李维@Ali wei@4主编 |
| 701 | 0 | @a李巧玲@Ali qiao ling@4主编 |
| 801 | 0 | @aCN@bQSSK@c20060327 |
| 905 | @a10447@dTU502@eL283 | |
| 建筑材料质量检测/李维, 李巧玲主编.-北京:中国计量出版社,2006.01 |
| 365页;26cm |
| ISBN 7-5026-2140-7:CNY42.00 |
| 高等学校教材:本书介绍建筑材料基本性质,水泥、建筑集料等常用建筑材料的检验、许定方法。 |
| ● |
| 相关链接 |
|
|
|
正题名:建筑材料质量检测
索取号:TU502/L283
 
预约/预借
| 序号 | 登录号 | 条形码 | 馆藏地/架位号 | 状态 | 备注 |
| 1 | 484812 | 204848120 | 土木与交通工程学院资料室/ [索取号:TU502/L283] | 在馆 | |
| 2 | 556888 | 205568884 | 建筑库201/201建筑库 5排2列1层/ [索取号:TU502/L283] | 在馆 | |
| 3 | 556889 | 205568893 | 城院文库/ [索取号:TU502/L283] | 在馆 |